Capitales des régions italiennes - Statistiques

Statistiques générales
  • Ce quiz a été pris 134 fois
  • Le résultat moyen est 11 sur 20
Statistiques - réponses
Région Capitale % Correct
Toscane Florence
91%
Lombardie Milan
91%
Piémont Turin
91%
Latium Rome
90%
Vénétie Venise
88%
Sicile Palerme
82%
Émilie-Romagne Bologne
76%
Ligurie Gênes
73%
Pouilles Bari
70%
Sardaigne Cagliari
66%
Vallée d'Aoste Aoste
63%
Frioul-Vénétie Julienne Trieste
49%
Trentin-Haut-Adige Trente
39%
Abruzzes L'Aquila
29%
Marches Ancône
23%
Ombrie Pérouse
21%
Basilicate Potenza
19%
Calabre Catanzaro
17%
Molise Campobasso
14%
Campanie Neapel
0%
Aucun quiz correspondant
Distribution des résultats
% des personnes avec chaque résultat
Percentile par nombre de réponses
Votre historique - résultats
Vous n’avez pas pris ce quiz